000 00873nas a2200265 4500
001 BR2014006013
003 BR-BrBNA
005 20231205124536.0
007 ta
008 230509b bl.|||p| |||| 00| 00por d
040 _aBR-BrBNA
_bpor
_cBiblioteca Nacional de Agricultura
041 _a(En)
072 _aL40
100 1 _aCamacho, A.A.
100 1 _aOliveira-Alves, R.
100 1 _aKein, R.P.
100 1 _aSousa, M.G.
245 1 _aMorphometric and quantitative characterization of atrial ganglion neurons from the intercaval region in dogs with dilated cardiomyopathy
650 _aCÃO
650 _aHISTOLOGIA
650 _aNEURÔNIO
773 0 _tArquivo Brasileiro de Medicina Veterinária e Zootecnia (Brazil)
_xISSN 0102-0935
_g(Dec 2007), v. 59(6) p. 1394-1399
_wBR2014006013
909 _a202311
_bLúcia
_c55
_dLúcia Elande
942 _2AGRIS
_n0
_cANA
999 _c239616
_d239616